Every Collab Outfit in Fortnite History - Statistics

General Stats
  • This quiz has been taken 62 times
  • The average score is 74 of 428
Answer Stats
Collaboration Answer % Correct
Avatar: The Last Airbender Aang
58%
Marvel Tony Stark
58%
Halo Master Chief
56%
Dragon Ball Goku
53%
God of War Kratos
53%
Family Guy Peter Griffin
53%
DC Superman
53%
Star Wars Darth Vader
51%
Marvel Deadpool
51%
Marvel Spiderman
51%
Dragon Ball Vegeta
51%
Marvel Wolverine
51%
Marvel Doom
49%
Marvel Hulk
49%
Icon Series MrBeast
49%
Marvel Groot
47%
Icon Series Lebron James
47%
Star Wars Luke Skywalker
47%
Marvel Captain America
44%
Marvel Doctor Doom
44%
DC The Flash
44%
Dragon Ball Beerus
42%
Icon Series LazarBeam
42%
Icon Series Neymar Jr
42%
Icon Series Ninja
42%
Dragon Ball Piccolo
42%
Marvel Star Lord
42%
Marvel Thanos
42%
Alien Xenomorph
42%
Avatar: The Last Airbender Zuko
42%
DC Aquaman
40%
DC Batman Zero
40%
Marvel Black Widow
40%
Dragon Ball Bulma
40%
Teenage Mutant Ninja Turtles Donatello
40%
DC Harley Quinn
40%
Avatar: The Last Airbender Katara
40%
Avatar: The Last Airbender Korra
40%
Icon Series Lachlan
40%
Teenage Mutant Ninja Turtles Michelangelo
40%
Rick and Morty Rick Sanchez
40%
DC Wonder Woman
40%
Marvel Black Panther
37%
Icon Series Bruno Mars
37%
Attack on Titan Eren Jaeger
37%
Dragon Ball Frieza
37%
Pirates of the Caribbean Jack Sparrow
37%
Teenage Mutant Ninja Turtles Leonardo
37%
Icon Series Loserfruit
37%
Halloween Michael Myers
37%
Naruto Naruto Uzumaki
37%
Teenage Mutant Ninja Turtles Raphael
37%
Teenage Mutant Ninja Turtles Shredder
37%
Marvel Storm
37%
DC The Joker
37%
Marvel Thor
37%
Goat Simulator 3 A Goat
35%
DC Beast Boy
35%
The Predator Predator
35%
Family Guy The Giant Chicken
35%
Avatar: The Last Airbender Toph Beifong
35%
Icon Series Travis Scott
35%
Marvel Venom
35%
Alan Wake II Alan Wake
33%
Icon Series Ariana Grande
33%
Avatar: The Last Airbender Avatar State Aang
33%
Marvel Captain Marvel
33%
Marvel Carnage
33%
Pirates of the Caribbean Davy Jones
33%
Marvel Doctor Strange
33%
Doom Doom Slayer
33%
Marvel Eddie Brock
33%
Marvel Emma Frost
33%
Dragon Ball Goku Black
33%
UEFA Euro 2020 Harry Kane
33%
Marvel Mysterio
33%
Marvel Mystique
33%
RoboCop RoboCop
33%
Teenage Mutant Ninja Turtles Splinter
33%
Dragon Ball Trunks
33%
Marvel War Machine
33%
Creed Adonis Creed
30%
Star Wars Anakin Skywalker
30%
Icon Series Bugha
30%
Marvel Drax
30%
Icon Series J Balvin
30%
WWE John Cena
30%
KAWS Skeleton Kaws
30%
Star Wars Kylo Ren
30%
Star Wars Mandalorian
30%
Marvel Peelverine
30%
Borderlands 3 Psycho Bandit
30%
Star Wars Rey
30%
Street Fighter Ryu
30%
Marvel Shuri
30%
Metal Gear Solid Snake
30%
Dragon Ball Son Gohan
30%
Marvel Spider-Gwen
30%
DC Starfire
30%
Icon Series The Weeknd
30%
Icon Series Ali-A
28%
Dragon Ball Android 17
28%
Dragon Ball Android 18
28%
DC Black Manta
28%
Street Fighter Chun-Li
28%
Marvel Gambit
28%
Marvel Gamora
28%
Marvel Gwenpool
28%
Invincible Invincible
28%
My Hero Academia Izuku Midoriya
28%
Marvel Jennifer Walters
28%
UEFA Euro 2020 Marco Reus
28%
Icon Series Marshmello
28%
Icon Series Nick Eh 30
28%
Star Wars Obi-Wan Kenobi
28%
Invincible Omni-Man
28%
Transformers Optimus Prime
28%
Raven Rebirth Raven
28%
Street Figher Sakura
28%
Marvel Spider-Man Zero
28%
Icon Series SypherPK
28%
The Terminator Terminator
28%
Horizon Aloy
26%
Marvel Ant-Man
26%
Teenage Mutant Ninja Turtles April O'Neil
26%
Invincible Atom Eve
26%
Marvel Captain Jones
26%
Stranger Things Eleven
26%
Assassin's Creed Ezio Auditore
26%
DC Green Arrow
26%
The Nightmare Before Christmas Jack Skellington
26%
John Wick 3 John Wick
26%
Marvel Mantis
26%
Rick and Morty Mecha Morty
26%
DC Poison Ivy
26%
Marvel Rogue
26%
Marvel Wolverine Zero
26%
Jujutsu Kaisen Yuji Itadori
26%
My Hero Academia All Might
23%
DC Black Adam
23%
Star Wars Boba Fett
23%
Icon Series Chica
23%
Alien Ellen Ripley
23%
Star Wars Finn
23%
Marvel Ghost Rider
23%
Gildedguy Gildedguy
23%
Naruto Sasuke Uchiha
23%
G.I. Joe Snake Eyes
23%
Marvel Spider-Man (No Way Home)
23%
Teenage Mutant Ninja Turtles Super Shredder
23%
Marvel Taskmaster
23%
Icon Series TheGrefg
23%
Marvel Thor Odinson
23%
DC Armored Batman Zero
21%
Marvel Cable
21%
Attack on Titan Captain Levi
21%
Dune Chani
21%
Star Wars Chewbacca
21%
Star Wars Darth Maul
21%
DC Deathstroke Zero
21%
Free Guy Dude
21%
Naruto Hinata Hyuga
21%
Marvel Iron Man Zero
21%
Naruto Itachi Uchiha
21%
Naruto Kakashi Hatake
21%
Tomb Raider Lara Croft
21%
Star Wars Leia Organa
21%
Marvel Mighty Thor
21%
Naruto Orochimaru
21%
Marvel Prowler
21%
Naruto Sakura Haruno
21%
Marvel Spider-Man 2099
21%
Marvel Spider-Man (Miles Morales)
21%
Fallout T-60 Power Armor
21%
The Terminator T-800
21%
Icon Series Anderson .Paak
19%
Icon Series Astro Jack
19%
Marvel Blade
19%
Street Fighter Blanka
19%
Stranger Things Chief Hopper
19%
Icon Series Chloe Kim
19%
Marvel Daredevil
19%
Marvel Deadpool (Pen and Ink)
19%
Naruto Gaara
19%
Marvel Kate Bishop
19%
Marvel Mary Jane Watson
19%
Jujutsu Kaisen Megumi Fushiguro
19%
The Walking Dead Michonne
19%
Attack on Titan Mikasa Ackermann
19%
Bad Boys Mike Lowrey
19%
Star Wars Padme Amidala
19%
Rick and Morty Queen Summer
19%
Marvel Ravenpool
19%
Jujutsu Kaisen Satoru Gojo
19%
Marvel Wolverine (Pen and Ink)
19%
Marvel X-23
19%
Marvel Clint Barton
16%
Marvel Colossus
16%
Pirates of the Caribbean Cursed Jack Sparrow
16%
Marvel Cyclops
16%
The Walking Dead Daryl Dixon
16%
Marvel Green Goblin
16%
Star Wars Imperial Stormtrooper
16%
Marvel Loki, God of Stories
16%
Icon Series Major Lazer
16%
Marvel MJ (No Way Home)
16%
My Hero Academia Ochaco Uraraka
16%
DC Rebirth Harley Quinn
16%
Icon Series Red Roots Billie
16%
Terminator Sarah Connor
16%
Marvel Scarlet Witch
16%
Marvel Silver Surfer
16%
DC The Batman Who Laughs
16%
Marvel Young Adult Groot
16%
Star Wars Ahsoka Tano
14%
Marvel Black Widow (Snow Suit)
14%
Icon Series Carolina
14%
Star Wars Clone Trooper
14%
Marvel Cuddlepool
14%
Marvel Domino
14%
Resident Evil Jill Valentine
14%
Marvel Jubilee
14%
KAWS KAWSPEELY
14%
Icon Series Marsha
14%
Marvel Moon Knight
14%
Icon Series MrBeast6000
14%
Icon Series Naomi Osaka
14%
Marvel Nick Fury
14%
Transformers Optimus Primal
14%
Marvel Psylocke
14%
The Walking Dead Rick Grimes
14%
Star Wars Sith Trooper
14%
Icon Series Slim Shady
14%
Icon Series Spacefarer Ariana Grande
14%
Icon Series The Weeknd Combat
14%
Icon Series Tune Squad Lebron
14%
Marvel Wastelander Magneto
14%
Icon Series Bichota Season Karol G
12%
Wu-Tang Clan B.R.I.T.E.
12%
Street Fighter Cammy
12%
Resident Evil Chris Redfield
12%
The Witcher Ciri
12%
DC Dreamer
12%
Star Wars Fennec Shand
12%
Icon Series Flakes Power
12%
Icon Series Green Roots Billie
12%
Superplastic Guggimon
12%
Icon Series James Hetfield
12%
My Hero Academia Katsuki Bakugo
12%
Star Wars Lando Calrissian
12%
Resident Evil Leon S. Kennedy
12%
Icon Series Lewis Hamilton
12%
Icon Series Patrick Mahomes
12%
Icon Series Puppet Master James
12%
Icon Series Puppet Master Lars
12%
Marvel Shang-Chi
12%
My Hero Academia Shoto Todoroki
12%
Icon Series The Kid LAROI
12%
TRON: Legacy TRON
12%
Star Wars Ahsoka's Clone Trooper
9%
The Evil Dead Ash Williams
9%
DC Bloodsport
9%
Marvel BriteStar
9%
Icon Series Chromatica Armor Gaga
9%
Resident Evil Claire Redfield
9%
Chesperito El Chapulin Colorado
9%
Icon Series Enigmatic Gaga
9%
Street Fighter Guile
9%
Superplastic Janky
9%
Gears of War Kait Diaz
9%
Icon Series Kirk Hammett
9%
Star Wars Krrsantan
9%
Marvel Loki Laufeyson
9%
Icon Series MARSHINOBI
9%
My Hero Academia Mina Ashido
9%
Rick and Morty Mr. Meeseeks
9%
Jujutsu Kaisen Nobara Kugisaki
9%
Dune Paul Atreides
9%
Futurama Phillip J. Fry
9%
Icon Series Puppet Master Kirk
9%
Icon Series Puppet Master Robert
9%
Icon Series Rap Boy
9%
Icon Series Robert Trujillo
9%
Star Wars Wolf Pack Trooper
9%
Star Wars Zorii Bliss
9%
Moncler Andre
7%
League of Legends Arcane Jinx
7%
League of Legends Arcane Vi
7%
DC Batman Comic Book Outfit
7%
WWE Becky Lynch
7%
Dragon Ball Cella
7%
My Hero Academia Dabi
7%
Marvel Dark Phoenix
7%
My Hero Academia Eijiro Kirishima
7%
Pirates of the Caribbean Elizabeth Swann
7%
Icon Series Giannis Antetokounmpo
7%
My Hero Academia Himiko Toga
7%
Star Wars IG-11
7%
Destiny 2 Ikora Rey
7%
Icon Series Lars Ulrich
7%
Icon Series Marshall Never More
7%
Elder Scrolls Nord Warrior
7%
Moncler Renee
7%
Marvel Sam Wilson (MCU)
7%
Lethal Company The Employee
7%
Marvel Weapon X
7%
Futurama Bender Bending Rodriguez
5%
WWE Bianca Belair
5%
Pirates of the Caribbean Captain Barbarossa
5%
Star Wars Dagobah Luke
5%
Universal Frankenstein's Monster
5%
Icon Series J Balvin Redux
5%
Icon Series Khaby Lame
5%
Gears of War Marcus Fenix
5%
DC The Dark Knight Movie Outfit
5%
Icon Series The Rogue LAROI
5%
Futurama Turanga Leela
5%
Star Wars 212th Battalion Trooper
2%
Star Wars 501st Trooper
2%
Nike Airie
2%
Nike Airphorian
2%
DC Catwoman (Comic Book)
2%
Air Jordan Clutch
2%
Destiny 2 Commander Zavala
2%
Star Wars Coruscant Guard
2%
Universal Frankenstein's Bride
2%
The Witcher Geralt of Riviera
2%
Air Jordan Grind
2%
Icon Series Hoplike Giannis
2%
Icon Series Inferno Skeleton Balvin
2%
Dead Space Isaac Clarke
2%
Cobra Kai Kumite Clasher
2%
Icon Series Launch Day Lewis Hamilton
2%
Star Wars Moff Gideon
2%
Nike Nike Goddess
2%
Icon Series Rosy Rift Goddess Ariana
2%
Jujutsu Kaisen Streetwear Yuji Itadori
2%
Air Jordan Swish
2%
Universal The Mummy
2%
National Football League Time-Out
2%
Chesperito Agente Colorado
0%
Chesperito Amazona Colorado
0%
Cobra Kai Black Belt Brawler
0%
National Football League Blitz
0%
National Football League Blitz Brigade
0%
Chesperito Capitana Colorado
0%
Adidas Chill Challenger
0%
Icon Series Cosma
0%
National Football League Crossbar Crusher
0%
Icon Series Dark Priestess Naomi
0%
Star Wars Death Trooper
0%
Chesperito Defensora Colorado
0%
Chesperito Defensor Colorado
0%
Stranger Things Demigorgon
0%
Coachella Desert Dawn Lyric
0%
Cobra Kai Dojo Defender
0%
Nike Eclipse
0%
Assassin's Creed Eivor Varinsdottir
0%
National Football League Elite Linesman
0%
National Football League End Zone
0%
National Football League End Zone Expert
0%
Destiny 2 Exo Stranger
0%
National Football League Fair Play
0%
Balenciaga Fashion Banshee
0%
National Football League Formation Fighter
0%
Balenciaga Game Knight
0%
Cobra Kai Gi Guardian
0%
Adidas Glam Gunner
0%
National Football League Gridiron
0%
Chesperito Guerrera Colorado
0%
Chesperito Guerrero Colorado
0%
Air Jordan Hangtime
0%
Chesperito Heroe Colorado
0%
Chesperito Heroina Colorado
0%
Cobra Kai Heron Stance Hero
0%
Icon Series Horizon
0%
National Football League Huddle Hero
0%
National Football League Interceptor
0%
National Football League Juke
0%
Cobra Kai Karateka Jones
0%
Cobra Kai Kata Captain
0%
Mistborn Kelsier
0%
Cobra Kai Keri Commander
0%
Coachella Lyric
0%
Icon Series Mahomes Saucy Style
0%
Cobra Kai Mat Master
0%
Nike Maxxed Out Max
0%
Raiden Metal Gear
0%
National Basketball Association NBA 75 Baller
0%
National Basketball Association NBA 75 Clutch
0%
National Basketball Association NBA 75 Dunk
0%
National Basketball Association NBA 75 Fit
0%
National Basketball Association NBA 75 Flash
0%
National Basketball Association NBA 75 Flex
0%
National Basketball Association NBA 75 High-Fryer
0%
National Basketball Association NBA 75 Shot-Caller
0%
National Basketball Association NBA 75 Slam
0%
National Basketball Association NBA 75 Swish
0%
National Football League Offense Overseer
0%
National Football League Offside Officer
0%
J Balvin Party Trooper
0%
National Football League Pass Rush Ranger
0%
Ralph Lauren Polo Prodigy
0%
National Football League Punt Paragon
0%
National Football League Red Zone Renegade
0%
Adidas Relaxed Runner
0%
National Football League Replay Ranger
0%
National Football League Rush
0%
National Football League Scrimmage Scrapper
0%
Balenciaga Shady Doggo
0%
Cobra Kai Shuto Striker
0%
National Football League Snap Squad
0%
Chesperito Soldado Colorado
0%
National Football League Spike
0%
Ralph Lauren Stadium Hero '92
0%
Adidas Striped Slinger
0%
National Football League Strong Guard
0%
Coachella Sunset Alto
0%
Marvel Sylvie Laufeydottir
0%
National Football League TD Titan
0%
Wu-Tang Clan Throwback BG
0%
My Hero Academia Tomura Shigaraki
0%
National Football League Trench Runner
0%
Balenciaga Unchained Ramirez
0%
Adidas Vogue Vigilante
0%
Coachella Wilder
0%
The Witcher Yennefer of Vengerberg
0%
No matching quizzes found
Score Distribution
Percent of People with Each Score
Percentile by Number Answered
Your Score History
You have not taken this quiz